[Event "NOR-chT Eliteserien 2021-22"]
[Site "Norway"]
[Date "2022.02.06"]
[Round "6.6"]
[White "Diesen, Bruce"]
[Black "Mork, Kjell Arne"]
[Result "1-0"]
[WhiteElo "2108"]
[BlackElo "2246"]
[Annotator "ChessBase"]
[PlyCount "113"]
[EventDate "2021.10.29"]
[EventType "team-tourn"]
[EventCountry "NOR"]
[SourceTitle "playchess.com"]
[Source "ChessBase"]
[SourceQuality "1"]
[TimeControl "40/5400+30:1800+30"]

1. e4 {[%emt 0:00:02]} c5 {[%emt 0:00:06]} 2. Nf3 {[%emt 0:00:04]} e6 {[%emt 0:00:04]} 3. d4 {[%emt 0:00:04]} cxd4 {[%emt 0:00:04]} 4. Nxd4 {[%emt 0:00:06]} Nc6 {[%emt 0:00:04]} 5. Nc3 {[%emt 0:00:11]} Qc7 {[%emt 0:00:08]} 6. Be3 {[%emt 0:00:43]} a6 {[%emt 0:00:05]} 7. Qd2 {[%emt 0:01:06]} Nf6 {[%emt 0:00:37]} 8. f3 {[%emt 0:00:26]} Ne5 {[%emt 0:01:33]} 9. g4 {[%emt 0:10:20]} h6 {[%emt 0:04:20]} 10. O-O-O {[%emt 0:06:33]} Bb4 {[%emt 0:18:48]} 11. Kb1 {[%emt 0:03:05]} Bxc3 {[%emt 0:02:01]} 12. Qxc3 {[%emt 0:00:51]} Qxc3 {[%emt 0:00:05]} 13. bxc3 {[%emt 0:00:07]} d5 {[%emt 0:01:18]} 14. exd5 {[%emt 0:05:08]} Nxd5 {[%emt 0:07:24]} 15. Bd2 {[%emt 0:02:30]} b5 {[%emt 0:04:27]} 16. Re1 {[%emt 0:05:04]} Nc4 {[%emt 0:07:03]} 17. Bxc4 {[%emt 0:10:08]} bxc4 {[%emt 0:00:06]} 18. f4 {[%emt 0:00:40]} O-O {[%emt 0:08:46]} 19. h4 {[%emt 0:01:59]} Bb7 {[%emt 0:04:04]} 20. Rhg1 {[%emt 0:02:25]} Nf6 {[%emt 0:02:47]} 21. g5 {[%emt 0:07:37]} Ne4 {[%emt 0:05:56]} 22. Kc1 {[%emt 0:01:42]} h5 {[%emt 0:07:16]} 23. Re3 {[%emt 0:10:08]} Bd5 {[%emt 0:04:56]} 24. Rge1 {[%emt 0:03:09]} Nc5 {[%emt 0:06:20]} 25. f5 {[%emt 0:07:25]} Rab8 {[%emt 0:03:42]} 26. g6 {[%emt 0:02:29]} Rb6 {[%emt 0:06:14]} 27. gxf7+ {[%emt 0:03:39]} Kxf7 {[%emt 0:00:11]} 28. fxe6+ {[%emt 0:01:36]} Nxe6 {[%emt 0:00:44]} 29. Kd1 {[%emt 0:04:14]} Rd8 {[%emt 0:01:07]} 30. Rf1+ {[%emt 0:04:12]} Kg8 {[%emt 0:00:16]} 31. Rf5 {[%emt 0:00:52]} Nxd4 {[%emt 0:01:29]} 32. cxd4 {[%emt 0:00:02]} g6 {[%emt 0:00:15]} 33. Rg5 {[%emt 0:00:35]} Kf7 {[%emt 0:00:26]} 34. a3 {[%emt 0:02:17]} Be6 {[%emt 0:01:16]} 35. Bc3 {[%emt 0:00:46]} Rb5 {[%emt 0:01:02]} 36. Rg2 {[%emt 0:01:20]} Bf5 {[%emt 0:00:40]} 37. Kd2 {[%emt 0:00:28]} Rd7 {[%emt 0:00:11]} 38. Rge2 {[%emt 0:00:41]} Rbd5 {[%emt 0:00:31]} 39. Kc1 {[%emt 0:01:48]} Bg4 {[%emt 0:00:55]} 40. Re1 {[%emt 0:00:28]} g5 {[%emt 0:01:00]} 41. hxg5 {[%emt 0:32:23]} Rxg5 {[%emt 0:31:37]} 42. Re8 {[%emt 0:00:00]} Rg6 {[%emt 0:00:00]} 43. Rc8 {[%emt 0:00:00]} Be6 {[%emt 0:00:00]} 44. Rf1+ {[%emt 0:00:00]} Ke7 {[%emt 0:00:00]} 45. Bb4+ {[%emt 0:00:00]} Rd6 {[%emt 0:00:00]} 46. Rc7+ {[%emt 0:00:00]} Bd7 {[%emt 0:00:00]} 47. Rxc4 {[%emt 0:00:00]} h4 {[%emt 0:00:28]} 48. d5 {[%emt 0:00:00]} h3 {[%emt 0:00:33]} 49. Rh4 {[%emt 0:00:00]} Kd8 {[%emt 0:00:48]} 50. Bxd6 {[%emt 0:00:00]} Rxd6 {[%emt 0:00:06]} 51. c4 {[%emt 0:00:00]} Rg6 {[%emt 0:00:17]} 52. Rh7 {[%emt 0:00:00]} Rg2 {[%emt 0:02:06]} 53. Rf8+ {[%emt 0:00:00]} Kc7 {[%emt 0:00:09]} 54. Rff7 {[%emt 0:00:00]} h2 {[%emt 0:00:09]} 55. Rxd7+ {[%emt 0:00:00]} Kb6 {[%emt 0:00:06]} 56. Rd6+ {[%emt 0:00:00]} Kc5 {[%emt 0:00:47]} 57. Rdh6 {[%emt 0:00:42]} 1-0

[Event "NOR-chT Eliteserien 2021-22"]
[Site "Norway"]
[Date "2022.02.06"]
[Round "6.6"]
[White "Brasoy, Aksel"]
[Black "Flaata, Alexander R."]
[Result "0-1"]
[WhiteElo "1893"]
[BlackElo "2019"]
[Annotator "NA"]
[PlyCount "66"]
[EventDate "2021.10.29"]
[EventType "team-tourn"]
[EventCountry "NOR"]
[SourceTitle "playchess.com"]
[Source "ChessBase"]
[SourceQuality "1"]
[TimeControl "40/5400+30:1800+30"]

1. Nf3 {[%emt 0:00:05]} Nf6 {[%emt 0:02:36]} 2. g3 {[%emt 0:00:10]} d6 {[%emt 0:00:46]} 3. d4 {[%emt 0:00:27]} c5 {[%emt 0:02:18]} 4. d5 {[%emt 0:00:31]} g6 {[%emt 0:00:32]} 5. Bg2 {[%emt 0:00:25]} Bg7 {[%emt 0:00:07]} 6. O-O {[%emt 0:00:34]} O-O {[%emt 0:00:52]} 7. a4 {[%emt 0:02:10]} Na6 {[%emt 0:03:36]} 8. c4 {[%emt 0:02:17]} Nb4 {[%emt 0:02:34]} 9. Nc3 {[%emt 0:01:22]} Bf5 {[%emt 0:01:57]} 10. Ne1 {[%emt 0:00:34]} Qd7 {[%emt 0:02:50]} 11. e4 {[%emt 0:04:54]} Bh3 {[%emt 0:01:01]} 12. f3 {[%emt 0:01:11]} Nh5 {[%emt 0:12:51]} 13. Be3 {[%emt 0:04:23]} Bxg2 {[%emt 0:00:36]} 14. Kxg2 $11 {[%emt 0:03:10]} e6 {[%emt 0:09:26]} 15. Qd2 {[%emt 0:13:23]} Rae8 {[%emt 0:04:39]} 16. Nd3 {[%emt 0:03:16]} exd5 {[%emt 0:02:57]} 17. cxd5 {[%emt 0:08:17]} f5 {[%emt 0:05:30]} 18. e5 {[%emt 0:18:16]} Bxe5 {[%emt 0:04:16]} 19. Nxb4 {[%emt 0:10:02]} cxb4 {[%emt 0:01:26]} 20. Nb5 {[%emt 0:00:13]} f4 {[%emt 0:04:05]} 21. Bf2 {[%emt 0:03:48]} fxg3 {[%emt 0:00:44]} 22. hxg3 {[%emt 0:00:15]} Qf5 {[%emt 0:14:11]} 23. Nd4 {[%emt 0:01:32]} Bxd4 {[%emt 0:00:12]} 24. Bxd4 {[%emt 0:00:11]} Qxd5 {[%emt 0:00:07]} 25. Rad1 {[%emt 0:09:51]} a5 {[%emt 0:01:08]} 26. Qf2 {[%emt 0:00:32]} Qg5 {[%emt 0:01:29]} 27. Kh2 {[%emt 0:01:23]} Rf5 {[%emt 0:04:25]} 28. Rfe1 {[%emt 0:04:52]} Rxe1 {[%emt 0:02:34]} 29. Rxe1 {[%emt 0:00:46]} Nxg3 {[%emt 0:00:27]} 30. Qc2 {[%emt 0:05:18]} Nf1+ {[%emt 0:03:33]} 31. Rxf1 {[%emt 0:00:43]} Qh4+ {[%emt 0:00:13]} 32. Kg1 {[%emt 0:00:59]} Rg5+ {[%emt 0:00:12]} 33. Qg2 {[%emt 0:00:08]} Qxd4+ {[%emt 0:00:20]} 0-1

[Event "NOR-chT Eliteserien 2021-22"]
[Site "Norway"]
[Date "2022.02.06"]
[Round "6.7"]
[White "Plat, Vojtech"]
[Black "Notkevich, Benjamin Arvola"]
[Result "1/2-1/2"]
[WhiteElo "2554"]
[BlackElo "2481"]
[Annotator "TA"]
[PlyCount "120"]
[EventDate "2021.10.29"]
[EventType "team-tourn"]
[EventCountry "NOR"]
[SourceTitle "playchess.com"]
[Source "ChessBase"]
[SourceQuality "1"]

{[%evp 11,120,26,18,21,30,13,14,0,8,10,36,0,0,-25,9,-33,-25,-22,-30,-29,0,0,0,-4,0,0,25,20,15,18,27,22,41,16,18,25,54,42,60,30,39,17,6,1,4,1,7,7,17,7,0,0,0,0,0,0,0,-12,0,0,0,0,0,0,0,0,13,17,14,4,11,14,13,10,14,0,28,8,8,8,8,0,0,0,0,0,0,0,0,0,0,0,0,0,0,0,0,0,0,0,0,0,0,0,0,0,0,0,0,8,8]} 1. e4 c5 2. Nf3 d6 3. c3 Nf6 4. Bc4 Nc6 5. Qe2 e6 6. Bb3 Be7 7. O-O {B50: Sicilian: 2...d6, Miscellaneous.} e5 8. h3 O-O 9. d3 h6 10. Rd1 {[#]} Re8 $146 ({Predecessor:} 10... Qb6 11. Nbd2 Na5 12. Bc2 Be6 13. Nf1 Qa6 14. Be3 Nc6 15. Qd2 Qb6 16. d4 exd4 17. cxd4 {1-0 (44) Szakolczai,P (2284)-Abel,I (2029) Balatonalmadi 2007}) 11. Nbd2 Bf8 12. Nf1 Be6 (12... d5 {feels hotter.} 13. Ng3 Be6 14. Nh2 a5 15. Ng4 d4) 13. Ba4 (13. Bxe6 $11 fxe6 14. Ng3) 13... Rb8 14. Bxc6 bxc6 15. Ng3 g6 16. Qc2 Bg7 17. Be3 Qe7 18. b3 Kh7 19. d4 (19. Rac1 {with more complications.} Nd7 20. d4 d5 21. Re1 exd4 22. cxd4 dxe4 23. Qxe4 Bd5 24. Qxe7 Rxe7 25. Red1) 19... exd4 20. cxd4 cxd4 21. Nxd4 Rbc8 (21... Bd7 {keeps more tension.} 22. Rac1 c5 23. Nde2 Bc6 24. f3 Rbd8) 22. Nxe6 ({Don't play} 22. Nxc6 Bd7 23. Nxe7 Rxc2 $11) 22... Qxe6 23. Rac1 c5 24. Qc4 h5 25. Qxe6 Rxe6 26. e5 dxe5 27. Rxc5 Rxc5 28. Bxc5 h4 29. Ne2 Rc6 30. Bxa7 {Threatening Be3.} Ra6 {[%csl LRa2,LRa7]} 31. Bb8 {Strongly threatening Nc3.} Rxa2 32. Nc3 Ra3 33. Rb1 Ne8 {[#] aiming for ...Ra8.} 34. Na4 e4 35. Bf4 f5 36. Nc5 Bd4 37. Ne6 Bb6 38. Bg5 Ra6 39. b4 Ba7 40. Rd1 {[%cal Ob4b5]} Rxe6 41. Rd7+ Kg8 {[#] White must now prevent ...Bb6.} 42. Rxa7 $11 {[%mdl 4096] Endgame KRB-KRN} Rb6 $1 43. Be7 Nd6 44. Rd7 Nc4 {The position is equal.} 45. Rd4 Ne5 46. Rd5 Nd3 47. b5 Nf4 48. Rd6 Rxb5 49. Bg5 Nd3 50. Rxg6+ Kh7 51. Re6 Rb1+ 52. Kh2 Nxf2 {[%csl Gf2][%cal Rb1h1]} 53. Bxh4 Rh1+ 54. Kg3 Nd3 55. Bg5 Rf1 56. Kh4 Rf2 57. g4 fxg4 58. Kxg4 Rf1 59. h4 Kg7 60. Re7+ Rf7 {Weighted Error Value: White=0.06 (flawless) /Black=0.05 (flawless)} 1/2-1/2

[Event "NOR-chT Eliteserien 2021-22"]
[Site "Norway"]
[Date "2022.02.06"]
[Round "6.7"]
[White "Tallaksen, Levi Andre"]
[Black "Yilmaz, Mustafa"]
[Result "1/2-1/2"]
[WhiteElo "2321"]
[BlackElo "2627"]
[Annotator "TA"]
[PlyCount "71"]
[EventDate "2021.10.29"]
[EventType "team-tourn"]
[EventCountry "NOR"]
[SourceTitle "playchess.com"]
[Source "ChessBase"]
[SourceQuality "1"]

{[%evp 29,71,54,56,62,65,58,55,-144,-130,-168,-195,-186,-175,-202,-215,-222,-202,-254,-233,-240,-241,-239,-224,-322,-318,-446,-448,-342,-97,-293,-213,-214,-214,-214,0,0,0,0,0,0,0,0,0,0]} 1. d4 Nf6 2. c4 g6 3. Nc3 Bg7 4. e4 d6 5. Nf3 O-O 6. Be2 e5 7. O-O Nc6 8. d5 Ne7 9. Ne1 Nd7 10. Be3 f5 11. f3 f4 12. Bf2 g5 {[%cal Bg6g5,Bg5g4,Bg4g3,Bg3h2][%mdl 32]} 13. Rc1 Rf7 14. b4 Ng6 15. c5 Nf6 16. a4 {[%cal Ba2a4,Ba4a5][%mdl 32] E99: King's Indian: Classical Main Line: 9 Ne1 Nd7 10 f3 f5.} h5 {[%cal Bh7h5,Bh5h4][%mdl 32]} 17. a5 g4 {[%cal Og4g3] [#]} 18. Kh1 $146 (18. cxd6 $14 {keeps the upper hand.} cxd6 19. Nb5) ({Predecessor:} 18. cxd6 cxd6 19. Nb5 g3 20. Bxa7 Nh7 21. Kh1 Rxa7 22. Rxc8 Qxc8 23. Nxa7 Qb8 24. Nb5 Qd8 25. h3 Ng5 26. Rg1 Nh4 {½-½ (26) Starke,R (2666)-Winckelmann,T (2584) ICCF email 2010}) 18... g3 $1 $17 19. Bg1 gxh2 20. Bf2 {[#]} h4 $1 21. cxd6 ({Much weaker is} 21. Kxh2 Nh5 22. cxd6 cxd6 $11) 21... cxd6 {White must now prevent ...Nh5.} 22. Nb5 {[#]} (22. Kxh2 Nh5 23. Rg1 Ng3 $15) 22... Nh5 $1 23. Nxa7 Ng3+ 24. Bxg3 fxg3 ({Worse is} 24... hxg3 25. Nxc8 Rxc8 26. Rxc8 Qxc8 27. Qd2 $11) 25. Nxc8 Rxc8 26. f4 (26. Nd3 $142) 26... Nxf4 $19 {...Rxc1 is the strong threat.} 27. Bg4 (27. Rb1 {might work better.} Rc3 28. Nd3) 27... Rxc1 28. Qxc1 Rc7 $2 (28... Qc7 $19 {is more deadly.} 29. Qd1 Qc4) 29. Qe3 (29. Qd1 $17) 29... Rc4 30. Rxf4 exf4 31. Be6+ Kf8 $2 (31... Kh8 $19 32. Qe2 Qf6 33. Qxc4 Qa1) 32. Qxf4+ $11 {The position is equal.} Bf6 33. Qh6+ Bg7 34. Qf4+ Bf6 35. Qh6+ Bg7 36. Qf4+ {Weighted Error Value: White=0.47/Black=0.36} 1/2-1/2

[Event "NOR-chT Eliteserien 2021-22"]
[Site "Norway"]
[Date "2022.02.06"]
[Round "6.8"]
[White "Romanov, Evgeny"]
[Black "Shehzad, Shazil"]
[Result "1-0"]
[WhiteElo "2561"]
[BlackElo "2182"]
[Annotator "TA"]
[PlyCount "99"]
[EventDate "2021.10.29"]
[EventType "team-tourn"]
[EventCountry "NOR"]
[SourceTitle "playchess.com"]
[Source "ChessBase"]
[SourceQuality "1"]

{[%evp 9,99,-4,0,0,0,0,0,0,8,-6,12,0,0,0,0,0,0,0,22,20,43,22,50,41,50,13,16,12,14,13,11,17,15,12,16,6,7,8,30,46,81,81,84,84,84,85,148,140,140,143,150,150,148,148,146,135,143,142,141,136,139,135,168,157,156,148,148,148,148,148,325,326,300,313,310,232,222,0,309,298,266,229,586,575,1195,1447,1464,1439,1351,1250,967,860]} 1. c4 e5 2. d3 Nf6 3. a3 d5 4. cxd5 Nxd5 5. Nf3 Nc6 6. e4 {A20: English Opening: 1...e5.} Nb6 7. Be2 Be7 8. O-O {The position is equal.} O-O 9. Be3 f5 {[#]} 10. exf5 $146 ({Predecessor:} 10. Re1 f4 11. Bd2 Bg4 12. Bc3 Bxf3 13. Bxf3 a5 14. Qc2 Kh8 15. Nd2 Bc5 16. Rac1 {½-½ (36) Kruse,H (2506)-Larwinski,P (2506) FICGS email 2021}) 10... Bxf5 11. Nc3 Qe8 12. b4 {[%cal Bb2b4,Bb4b5][%mdl 32]} Rd8 13. Re1 Kh8 {[%cal Oe5e4]} 14. b5 Nd4 15. Nxe5 Nxe2+ 16. Qxe2 Bf6 17. Bc5 Qxe5 (17... Bxd3 $2 18. Qg4 $18 (18. Nxd3 Bxc3 19. Qxe8 Rfxe8 $11)) 18. Qxe5 Bxe5 19. Rxe5 {[%cal Be1e5,Be5d5,Bd5c5][%mdl 32]} Nd7 20. Rd5 Nxc5 21. Rxc5 Bxd3 22. f3 Rd7 23. a4 {[%cal Ba3a4,Ba4a5][%mdl 32]} Rf5 {[#]} 24. Re1 $1 {Re8+ would kill now.} Rf8 {Inhibits Re8.} (24... g6 25. Rxf5) 25. Rd5 Rxd5 26. Nxd5 $16 {[%mdl 4096] Endgame KRB-KRN} Bc2 27. a5 c6 (27... b6 $142) 28. bxc6 bxc6 29. Nb4 {[%csl LRc2,LRc6]} Ba4 {[#]} 30. Re7 $1 c5 31. Nd5 a6 32. Rc7 {White is more active.} h6 33. Nc3 ({Much worse is} 33. Rxc5 $6 Rf5 $11) 33... Bc2 34. Rxc5 Rb8 35. h4 {[%cal Bh2h4,Bh4h5][%mdl 32]} Rb3 36. h5 Bd3 37. Kf2 Kh7 38. g4 Ra3 39. Nd5 Bb5 $2 (39... Ra4 $16 {was necessary.} 40. Ke3 Ra3) 40. Rc7 $18 {Threatening mate with Nf6+.} Kg8 41. Ne7+ Kf8 42. Ng6+ Kg8 43. Ne7+ Kf8 $1 44. Nf5 Rxa5 45. Nxg7 {Threatens to win with Ne6+.} ({And not} 45. Rxg7 Bd3 $11) 45... Ra1 $2 (45... Bd3 {is more resistant.} 46. Ne6+ Kg8) 46. Nf5 {White is clearly winning.} a5 47. Rc8+ Be8 48. Nd6 Ke7 49. Nxe8 a4 50. Ng7 {Weighted Error Value: White=0.09 (flawless) /Black=0.19 (very precise)} 1-0

[Event "NOR-chT Eliteserien 2021-22"]
[Site "Norway"]
[Date "2022.02.06"]
[Round "6.9"]
[White "Fossan, Erik"]
[Black "Hammer, Jon Ludvig"]
[Result "0-1"]
[WhiteElo "2335"]
[BlackElo "2613"]
[Annotator "TA"]
[PlyCount "82"]
[EventDate "2021.10.29"]
[EventType "team-tourn"]
[EventCountry "NOR"]
[SourceTitle "playchess.com"]
[Source "ChessBase"]
[SourceQuality "1"]

{[%evp 12,82,0,19,42,45,52,11,29,24,19,-21,-14,-16,-19,-19,-15,-12,-20,-26,-20,-32,-32,-30,-33,-22,-22,-35,-12,-14,-6,-37,-30,-43,-34,-32,-39,-41,-41,-36,-31,-39,-34,-41,0,-39,0,-83,0,0,0,0,0,0,0,0,0,0,-20,-11,-18,-7296,-6219,-12835,-12835,-12835,-12835,-12837,-12837,-12841,-12838,-12840,-12837]} 1. e4 c6 2. d4 d5 3. exd5 cxd5 4. c4 Nf6 5. Nc3 Nc6 {[%cal Bb8c6,Bc6e7,Be7d5][%mdl 32]} 6. Bg5 Be6 7. a3 {7.Be2 is the modern continuation.} h6 {B13: Caro-Kann: Exchange Variation and Panov-Botvinnik Attack.} (7... dxc4 $2 8. Bxf6 exf6 9. d5 $18) 8. Bxf6 exf6 9. Be2 (9. cxd5 $14 {should be considered.} Bxd5 10. Qe2+ Ne7 11. Nf3) 9... Qd7 {The position is equal.} (9... dxc4 $2 10. d5 $18) 10. Bf3 {[%cal Rc4d5]} Ne7 {[#]} ({Not} 10... dxc4 11. d5 $18) 11. cxd5 $146 ({Predecessor:} 11. c5 g5 12. h3 Bg7 13. Nge2 h5 14. Ng3 h4 15. Nh5 Kf8 16. Qa4 Nc6 17. O-O-O {½-½ (44) Perunovic,M (2439)-Ratkovic,M (2414) Kragujevac 2016}) 11... Nxd5 12. Nge2 Be7 13. O-O O-O 14. Re1 Rfd8 15. Nxd5 Bxd5 16. Bxd5 Qxd5 17. Nc3 {[%csl LRd5,LRe7]} Qd7 18. Qf3 Bf8 19. Rad1 Rac8 20. Rd3 f5 21. g3 g6 22. d5 {[%cal Od5d6]} Bd6 23. Qe3 Re8 24. Qd2 Rxe1+ 25. Qxe1 h5 26. Qe3 b5 27. Ne2 h4 (27... a5 $15) 28. Qd2 (28. gxh4 {is interesting.} Rc2 29. h5 Rxb2 30. hxg6 fxg6 31. Kf1) 28... h3 {[%cal Ob5b4]} 29. Rc3 (29. Nf4 $1 $11) 29... a6 {Black is more active.} (29... Rxc3 $17 30. Nxc3 a5) 30. Rxc8+ $11 Qxc8 31. Nf4 Bxf4 32. gxf4 {[%mdl 4096] Endgame KQ-KQ} Kf8 33. d6 {[#] aiming for d7.} Ke8 34. f3 Qc5+ 35. Kf1 Kd7 36. Qe2 $2 {[%mdl 8192] Loses the game.} (36. b4 $11 Qxd6 37. Qe3) 36... Qc4 $19 {Black is clearly winning.} 37. Qxc4 bxc4 38. Kf2 Kxd6 39. Kg3 Kd5 40. Kh4 Kd4 41. Kg5 Ke3 {Weighted Error Value: White=0.41/Black=0.08 (flawless)} 0-1

[Event "NOR-chT Eliteserien 2021-22"]
[Site "Norway"]
[Date "2022.02.06"]
[Round "6.9"]
[White "Risting, Eivind Olav"]
[Black "Lund, Gunnar"]
[Result "0-1"]
[WhiteElo "2311"]
[BlackElo "2307"]
[Annotator "ChessBase"]
[PlyCount "126"]
[EventDate "2021.10.29"]
[EventType "team-tourn"]
[EventCountry "NOR"]
[SourceTitle "playchess.com"]
[Source "ChessBase"]
[SourceQuality "1"]
[TimeControl "40/5400+30:1800+30"]

1. d4 {[%emt 0:00:06]} Nf6 {[%emt 0:00:22]} 2. c4 {[%emt 0:00:18]} d6 {[%emt 0:00:13]} 3. Nf3 {[%emt 0:02:58]} Nbd7 {[%emt 0:00:34]} 4. g3 {[%emt 0:00:33]} e5 {[%emt 0:00:11]} 5. Bg2 {[%emt 0:00:13]} Be7 {[%emt 0:00:16]} 6. Nc3 {[%emt 0:00:50]} O-O {[%emt 0:01:46]} 7. O-O {[%emt 0:00:30]} c6 {[%emt 0:01:12]} 8. e4 {[%emt 0:00:54]} Qc7 {[%emt 0:01:33]} 9. h3 {[%emt 0:02:46]} a6 {[%emt 0:05:58]} 10. a4 {[%emt 0:03:15]} a5 {[%emt 0:01:09]} 11. Be3 {[%emt 0:00:36]} Re8 {[%emt 0:01:44]} 12. Re1 {[%emt 0:01:13]} exd4 {[%emt 0:05:41]} 13. Nxd4 {[%emt 0:01:12]} Bf8 {[%emt 0:01:28]} 14. Qc2 {[%emt 0:03:38]} Nc5 {[%emt 0:01:07]} 15. Rad1 {[%emt 0:11:57]} Nfd7 {[%emt 0:06:30]} 16. f4 {[%emt 0:01:57]} Na6 {[%emt 0:01:39]} 17. Bf2 {[%emt 0:07:31]} Nb4 {[%emt 0:04:10]} 18. Qb1 {[%emt 0:04:27]} Nc5 {[%emt 0:03:30]} 19. g4 {[%emt 0:13:13]} Bd7 {[%emt 0:14:53]} 20. Bg3 {[%emt 0:03:47]} Rad8 {[%emt 0:07:55]} 21. Kh2 {[%emt 0:03:29]} Bc8 {[%emt 0:05:19]} 22. g5 {[%emt 0:02:46]} Qe7 {[%emt 0:03:46]} 23. Nf3 {[%emt 0:04:11]} Ne6 {[%emt 0:12:47]} 24. h4 {[%emt 0:03:07]} f6 {[%emt 0:00:31]} 25. f5 {[%emt 0:11:28]} Nc5 {[%emt 0:00:12]} 26. b3 {[%emt 0:01:24]} Qf7 {[%emt 0:02:16]} 27. Rd4 {[%emt 0:01:22]} g6 {[%emt 0:03:12]} 28. fxg6 {[%emt 0:09:17]} hxg6 {[%emt 0:00:58]} 29. Qd1 {[%emt 0:01:30]} Ne6 {[%emt 0:01:12]} 30. Rd2 {[%emt 0:00:26]} fxg5 {[%emt 0:00:31]} 31. Nxg5 {[%emt 0:01:42]} Nxg5 {[%emt 0:00:07]} 32. hxg5 {[%emt 0:00:10]} Qe7 {[%emt 0:02:30]} 33. Qf3 {[%emt 0:01:42]} Bg7 {[%emt 0:00:19]} 34. Qe3 {[%emt 0:01:02]} Be5 {[%emt 0:02:08]} 35. Kg1 {[%emt 0:00:26]} Na6 {[%emt 0:00:46]} 36. Ne2 {[%emt 0:01:14]} Nc5 {[%emt 0:00:41]} 37. Rf1 {[%emt 0:01:04]} Rf8 {[%emt 0:00:38]} 38. Rxf8+ {[%emt 0:00:29]} Rxf8 {[%emt 0:00:53]} 39. Nd4 {[%emt 0:00:43]} Bg4 {[%emt 0:01:22]} 40. Bxe5 {[%emt 0:00:28]} dxe5 {[%emt 0:03:11]} 41. Nc2 {[%emt 0:03:05]} Ne6 {[%emt 0:01:48]} 42. Qg3 {[%emt 0:03:04]} Qxg5 {[%emt 0:02:57]} 43. Ne3 {[%emt 0:01:01]} Bf3 {[%emt 0:02:46]} 44. Qxg5 {[%emt 0:01:36]} Nxg5 {[%emt 0:00:07]} 45. Rd7 {[%emt 0:01:33]} Rf7 {[%emt 0:01:02]} 46. Rd8+ {[%emt 0:00:26]} Kg7 {[%emt 0:01:03]} 47. Re8 {[%emt 0:03:59]} Bxg2 {[%emt 0:04:57]} 48. Kxg2 {[%emt 0:00:12]} Nxe4 {[%emt 0:00:23]} 49. Rxe5 {[%emt 0:00:24]} Nd2 {[%emt 0:00:25]} 50. Rxa5 {[%emt 0:01:57]} Re7 {[%emt 0:04:02]} 51. Ng4 {[%emt 0:03:31]} Nxb3 {[%emt 0:00:13]} 52. Ra7 {[%emt 0:00:18]} Nc5 {[%emt 0:07:01]} 53. Kf3 {[%emt 0:01:12]} Kf7 {[%emt 0:01:02]} 54. Ra5 {[%emt 0:02:01]} Nd7 {[%emt 0:01:17]} 55. Kf4 {[%emt 0:01:28]} Ke6 {[%emt 0:00:53]} 56. Kg5 {[%emt 0:00:39]} Kd6 {[%emt 0:00:18]} 57. Kxg6 {[%emt 0:01:37]} Ne5+ {[%emt 0:02:27]} 58. Nxe5 {[%emt 0:01:25]} Rxe5 {[%emt 0:00:09]} 59. Ra7 {[%emt 0:00:16]} Kc7 {[%emt 0:00:12]} 60. Kf6 {[%emt 0:01:07]} Rc5 {[%emt 0:01:16]} 61. Ra8 {[%emt 0:00:30]} Rxc4 {[%emt 0:00:23]} 62. Ke5 {[%emt 0:00:21]} Rc5+ {[%emt 0:01:36]} 63. Kd4 {[%emt 0:00:09]} Kb6 {[%emt 0:00:14]} 0-1

[Event "NOR-chT Eliteserien 2021-22"]
[Site "Norway"]
[Date "2022.02.06"]
[Round "6.10"]
[White "Holm, Kristian Stuvik"]
[Black "Kvaloy, Aksel Bu"]
[Result "1-0"]
[WhiteElo "2464"]
[BlackElo "2280"]
[Annotator "TA"]
[PlyCount "73"]
[EventDate "2021.10.29"]
[EventType "team-tourn"]
[EventCountry "NOR"]
[SourceTitle "playchess.com"]
[Source "ChessBase"]
[SourceQuality "1"]

{[%evp 9,73,-13,-16,-18,14,-8,-6,-11,40,33,60,47,54,57,68,71,73,54,77,66,60,28,26,0,77,75,79,33,39,28,80,73,143,133,114,57,12,-24,-14,-9,-17,-19,-14,-14,57,56,164,150,485,506,491,502,489,487,528,449,434,446,643,681,727,714,961,921,886,834]} 1. Nf3 {Fischer,J} d5 2. c4 d4 3. b4 Bg4 4. g3 f6 5. Bg2 e5 6. O-O {A09: Réti Opening: 1 Nf3 d5 2 c4.} Nd7 {[#]} 7. b5 $146 ({Predecessor:} 7. Qb3 a5 8. e3 dxe3 9. fxe3 axb4 10. d4 Be6 11. Bb2 Nh6 12. dxe5 fxe5 13. Nbd2 {0-1 (22) Greenfeld,A (2534)-Short,N (2678) Douglas 2015 CBM 168 Extra [Fischer,J]}) 7... Ne7 8. d3 {The position is equal.} c5 (8... a6 $11) 9. e3 Ng6 {[%cal Oe5e4]} 10. Re1 dxe3 11. Bxe3 Be7 12. Nc3 O-O 13. Qc2 Be6 14. h4 {[%cal Bh2h4,Bh4h5][%mdl 32]} Bd6 15. Nd2 f5 $1 {...f4 is the strong threat.} 16. Bg5 Qb8 (16... Qe8 $1 $11 {keeps the balance.}) 17. h5 $16 Nh8 18. Nd5 ({But not} 18. Bd5 Bxd5 19. cxd5 (19. Nxd5 Nf7 $11) 19... Nf7 $11) (18. h6 $16) 18... Nf7 $14 19. Bh4 Nb6 (19... Kh8 $11 {remains equal.}) 20. a4 $16 {White is much more active.} Bxd5 (20... Nxd5 $142 21. cxd5 Bd7) 21. cxd5 Qc7 {[#]} 22. d4 ({White should play} 22. a5 $1 $16 {[%cal Ra5b6]} Nd7 23. Nc4) 22... e4 $14 23. dxc5 Qxc5 24. Qxc5 Bxc5 25. Nb3 Bb4 26. Red1 Ne5 (26... g5 $11 27. hxg6 hxg6) 27. d6 Nd3 (27... Rf7 $14) 28. Be7 {Black must now prevent a5.} Nc4 {[#] Loses the game.} (28... Rfb8 $16 {is a better chance.}) 29. Rxd3 $1 $18 {[%mdl 512] White is clearly winning.} exd3 30. Bd5+ Kh8 31. Bxc4 Rfc8 32. Be6 Re8 33. Bd7 Rg8 (33... Bxd6 $142 34. Bxe8 Bxe7) 34. Bxf5 d2 35. Rd1 Rgd8 36. Bxd8 Rxd8 37. d7 {Weighted Error Value: White=0.15 (very precise) /Black=0.43} 1-0